| 000 | 00782nam a2200241 a 4500 | ||
|---|---|---|---|
| 005 | 20250221063813.0 | ||
| 008 | 100203s2001 es r 000 0 spa d | ||
| 020 | _a8480884657 | ||
| 035 | _aUPN01000174431 | ||
| 049 | _aCG | ||
| 050 | 4 |
_aHQ769 _bT3.3 |
|
| 100 | 1 | _aTaffel, Ron | |
| 245 | 1 | 0 |
_aCómo educar niños más listos, sanos y felices : _blas 10 habilidades que marcan la diferencia / _cRon Taffel, Melinda Blau ; tr. Denise Despeireoux. |
| 260 |
_aBarcelona, Esp. : _bAmat, _c2001. |
||
| 300 | _a332 p. | ||
| 534 |
_pTítulo original: _tNurturing good children now |
||
| 650 | 4 |
_aCrianza de niños _96222 |
|
| 650 | 4 |
_aDesarrollo infantil _9176 |
|
| 650 | 0 |
_aAutoestima en niños _9356 |
|
| 700 | 1 |
_aBlau, Melinda, _ecoaut. |
|
| 905 | _aLibro | ||
| 999 |
_c146535 _d146535 |
||